Les chansons de SDM - Mort subite - Statistiques

Statistiques générales
  • Ce quiz a été pris 1 198 fois
    1 011 depuis la dernière actualisation
  • Le résultat moyen est 6 sur 12
Answers on the Grid
Answers color-coded by a green-red scale on the quiz's grid according to % correct below.
Bolide Allemand
Mr. Ocho
CARTIER SANTOS
POUR ELLE
100-OCHO
92-OCHO
Love
Life
Rihanna
Beyoncé
AFFRANCHIS
Barcelona92
Prince de la calle
Le bruit des applaudissements
Mauvaise
Escorte
Tu connais
Pyramide
All eyes on me
Chemin d'or
Laboratoire
Solitaire
 
Statistiques - réponses
Réponse % Correct
Bolide Allemand
78%
CARTIER SANTOS
77%
Mr. Ocho
74%
POUR ELLE
71%
Rihanna
61%
Barcelona92
55%
Prince de la calle
50%
AFFRANCHIS
47%
100-OCHO
45%
Le bruit des applaudissements
41%
Love
34%
Solitaire
13%
Aucun quiz correspondant
Distribution des résultats
% des personnes avec chaque résultat
Percentile par nombre de réponses
Votre historique - résultats
Vous n’avez pas pris ce quiz depuis la dernière actualisation